| 000 | 00478nam a2200193Ia 4500 | ||
|---|---|---|---|
| 003 | GCL | ||
| 008 | 140319s9999 xx 000 0 eng d | ||
| 040 |
_aGCL / _cGCL |
||
| 082 | 0 | 4 |
_a843 _bP F |
| 100 | 1 | _aPIRANDELLO, LUIGI | |
| 245 | 1 | 0 |
_aFEU MATHIAS PASCAL / _cPIRANDELLO, LUIGI |
| 700 | 1 | _aBIGOT, HENRY | |
| 260 |
_a[S.N] : _bCALMANN- LEVY ، _c1965 |
||
| 300 | _a284 P | ||
| 650 | 0 | 4 | _aLITERATURE |
| 650 | 0 | 4 | _aFICTION |
| 650 | 0 | 4 | _aFRENCH LITERATURE |
| 942 |
_2ddc _cBK |
||
| 999 |
_c24675 _d24675 |
||